[Event "Maastricht Limburg op-B 6th"]
[Site "Maastricht"]
[Date "2012.05.27"]
[Round "5"]
[White "Corvers, John"]
[Black "Freer, Robert"]
[Result "1/2-1/2"]
[WhiteElo "1787"]
[BlackElo "1830"]
[PlyCount "85"]
[EventDate "2012.05.25"]
[EventType "swiss"]
[EventRounds "7"]
[EventCountry "NED"]
[SourceTitle "EXT 2013"]
[Source "ChessBase"]
[SourceDate "2012.11.22"]
[SourceVersion "1"]
[SourceVersionDate "2012.11.22"]
[SourceQuality "1"]

1. d4 d5 2. c4 c6 3. Nc3 Nf6 4. Nf3 e6 5. b3 Nbd7 6. e3 b6 7. Bd3 Bb7 8. 0-0 Rc8 9. Qe2 c5 10. cxd5 Nxd5 11. Nxd5 cxd4 12. e4 exd5 13. exd5+ Qe7 14. Re1 Qxe2 15. Rxe2+ Kd8 16. Bc4 f6 17. Nxd4 Ne5 18. Ne6+ Ke8 19. Nxf8 Kxf8 20. Ba3+ Kf7 21. f4 Nxc4 22. Re7+ Kg6 23. bxc4 Ba6 24. f5+ Kxf5 25. Rf1+ Kg6 26. Rf3 Rxc4 27. Rg3+ Kf5 28. Rgxg7 Ra4 29. Bc1 Rc8 30. Bh6 Rh4 31. Rxh7 Re4 32. d6 Rd4 33. h3 Rd1+ 34. Kh2 Rc2 35. d7 Bf1 36. Rhg7 Bb5 37. Kg3 Bc6 38. Rg4 Rxg2+ 39. Kh4 Rxg4+ 40. hxg4+ Kg6 41. Bf8 Rxd7 42. Rxd7 Bxd7 43. a3 1/2-1/2